| 000 | 00876nac a22001931u 4500 | ||
|---|---|---|---|
| 008 | 080817s2002 ua||||||r||| 000 0 ra d | ||
| 020 | _a9770177075 | ||
| 082 |
_a239 _bو ا ت _222 |
||
| 245 |
_a/محمد صلي الله علية وسلم في مكة _cو. مونتجمري وات ؛ ترجمة عبد الرحمن عبد الله الشيخ ، حسين عيسي ؛ مراجعة أحمد شلبي. |
||
| 246 | _aMohammed at Mecca | ||
| 260 |
_aالقاهرة : _bالهيئة المصرية العامة للكتاب، 2002. _c2002. |
||
| 300 |
_a384 :ص _bايض ؛ _c24 سم. |
||
| 500 | _aيحتوى على ملاحق | ||
| 500 | _aترجمة لكتاب Mohammed at Mecca - by Watt, William Montgomry | ||
| 504 | _aببليوجرافية من ص 381-384 | ||
| 511 | _aCatalogued by: Sara | ||
| 541 | _aألف باء؛ | ||
| 942 |
_cBB _k239و ا ت _2ddc |
||
| 999 |
_c8089 _d8089 |
||